• 首页
  • 本馆介绍
  • 公告通知
  • 最新文献
  • 馆藏检索
  • 电子资源
  • 读者导购
  • 参考咨询
  • 我的图书馆
  • 登录
  • 详细信息显示
  • 放入我的书架
  • 预约/预借图书
  • 作者相关作品
  • 分类相关作品
  • 丛书相关作品
  • 出版社相关作品

书目信息

  • 表格格式
  • 工作单格式
  • 卡片格式
题名:
食物功效与食疗全典
    
 
作者: ;中医堂编委会 主编
分册:  
出版信息: 哈尔滨   黑龙江科学技术出版社  2015
页数: 13,418页
开本: 30cm
丛书名:
单 册:
中图分类: R151.3
科图分类:
主题词: 食品营养 , 食物疗法
电子资源:
ISBN: 978-7-5388-7595-9
000 00999nam0 2200253 450
001 012015000152
005 20151130092544.95
010    @a978-7-5388-7595-9@b精装@dCNY109.80
100    @a20150601d2015 em y0chiy50 ea
101 0  @achi
102    @aCN@b230000
105    @aa z 000yy
106    @ar
200 1  @a食物功效与食疗全典@Ashi wu gong xiao yu shi liao quan dian@f《中医堂》编委会主编
210    @a哈尔滨@c黑龙江科学技术出版社@d2015
215    @a13,418页@c图@d30cm
300    @a国医经典
330    @a本书介绍了食物营养与健康的关系,针对人体常见疾病,提出了食物治疗的方案。将我们日常所见的各种食物进行分类介绍,分为肉类、蔬菜、水果干果、菌类、水产、五谷杂粮、蛋奶七大类,每种食物的介绍均包括食物解密、营养介绍、健康功效、饮食秘决,介绍了食物的营养价值及如何利用食物来为健康服务。
606 0  @a食品营养
606 0  @a食物疗法
690    @aR151.3@v5
711 02 @a中医堂编委会@Azhong yi tang bian wei hui@4主编
801  0 @aCN@b碧洲教育@c20151127
905    @a10447@f2@dR151.3@e115
    
    食物功效与食疗全典/《中医堂》编委会主编.-哈尔滨:黑龙江科学技术出版社,2015
    13,418页:图;30cm
    国医经典
    
    ISBN 978-7-5388-7595-9(精装):CNY109.80
    本书介绍了食物营养与健康的关系,针对人体常见疾病,提出了食物治疗的方案。将我们日常所见的各种食物进行分类介绍,分为肉类、蔬菜、水果干果、菌类、水产、五谷杂粮、蛋奶七大类,每种食物的介绍均包括食物解密、营养介绍、健康功效、饮食秘决,介绍了食物的营养价值及如何利用食物来为健康服务。
●
相关链接 在E读中查询图书 在五车中查询图书 在当当中查询图书 在豆瓣中查询图书


正题名:食物功效与食疗全典     索取号:R151.3/115         预约/预借

序号 登录号 条形码 馆藏地/架位号 状态 备注
1 0871329   208713294   第二样本阅览室/ [索取号:R151.3/115] 在馆    
2 0871330   208713301   第三借阅区/ [索取号:R151.3/115] 在馆    
唐山师范学院图书馆 欢迎您!
大连网信软件有限公司© 版权所有